000 00372 a2200121 4500
001 ART_12177
005 20260410161904.0
008 260409a
245 1 0 _aOn comparing restricted least squares estimators
100 1 _aGuilkey, David K.
700 1 _aPrice, J. Michael
773 0 _tJournal of econometrics
_g- Vol. 15, NÂș 3 (abr. 1981)
_wREV11720
999 _c26161
_d26161